Các văn bản công pháp quốc tế và văn bản pháp luật Việt Nam có liên quan

Salvato in:
Dettagli Bibliografici
Natura: Libro
Lingua:Undetermined
Pubblicazione: Hà Nội Chính trị Quốc gia 2006
Soggetti:
Tags: Aggiungi Tag
Nessun Tag, puoi essere il primo ad aggiungerne! !
Thư viện lưu trữ: Trung tâm Học liệu Trường Đại học Cần Thơ
LEADER 00528nam a2200169Ia 4500
001 CTU_115526
008 210402s9999 xx 000 0 und d
020 |c 60000 
082 |a 341.75 
082 |b C101 
245 0 |a Các văn bản công pháp quốc tế và văn bản pháp luật Việt Nam có liên quan 
260 |a Hà Nội 
260 |b Chính trị Quốc gia 
260 |c 2006 
650 |a International laws 
904 |i Giang 
980 |a Trung tâm Học liệu Trường Đại học Cần Thơ